EMT basic national standards exam /

Bibliographic Details
Corporate Author: NetLibrary, Inc
Other Authors: Gish, Jim (Editor)
Format: eBook
Language:English
Published: New York : LearningExpress, 1997.
Series:LearningExpress national standards series.
Subjects:
Online Access:Connect to the full text of this electronic book

MARC

Tag First Indicator Second Indicator Subfields
LEADER 00000cam a2200000La 4500
001 in00001740887
005 20220105122345.0
006 m u
007 cr cn-
008 010221s1997 nyua s 000 0 eng d
010 |z  97035723  
020 |a 0585348952 (electronic bk.) :  |c $20.00 
020 |z 1576850544 
035 |a (OCoLC)ocm47009879 
035 |a 28387  |b (N$T) 
040 |a N$T  |c N$T  |d OCL  |d UtOrBLW 
049 |a IKMN 
050 1 4 |a RC86.7  |b .E593 1997eb 
082 0 4 |a 616.02/5/076  |2 21 
245 0 0 |a EMT basic national standards exam /  |c Jim Gish, editor. 
264 1 |a New York :  |b LearningExpress,  |c 1997. 
300 |a 256 pages :  |b illustrations ;  |c 28 cm. 
336 |a text  |b txt  |2 rdacontent 
337 |a computer  |b c  |2 rdamedia 
338 |a online resource  |b cr  |2 rdacarrier 
490 1 |a The LearningExpress national standards series 
533 |a Electronic reproduction.  |b Boulder, Colo. :  |c NetLibrary,  |d 2001.  |n Available via World Wide Web.  |n Access may be limited to NetLibrary affiliated libraries. 
500 |a Electronic resource. 
650 0 |a Emergency medicine  |v Examinations, questions, etc.  |0 http://id.loc.gov/authorities/subjects/sh2008102971 
650 0 |a Emergency medical technicians  |v Examinations, questions, etc.  |0 http://id.loc.gov/authorities/subjects/sh2008119374 
655 7 |a Electronic books.  |2 local 
700 1 |a Gish, Jim,  |e editor.  |0 http://id.loc.gov/authorities/names/no2003032787 
710 2 |a NetLibrary, Inc.  |0 http://id.loc.gov/authorities/names/no99080690 
776 0 |c Original  |w (DLC) 97035723  |w (OCoLC)37398117 
830 0 |a LearningExpress national standards series.  |0 http://id.loc.gov/authorities/names/n97075779 
856 4 1 |u https://proxy.library.tamu.edu/login?url=http://www.netLibrary.com/urlapi.asp?action=summary&v=1&bookid=28387  |z Connect to the full text of this electronic book  |t 0 
994 |a 92  |b IKM 
999 |a MARS 
999 f f |s b327184e-14cf-31d4-abb5-74aa0993a077  |i c8828934-0691-3937-ba40-f699d1d901d3  |t 0 
952 f f |a Texas A&M University  |b College Station  |c Electronic Resources  |d Available Online  |t 0  |e RC86.7 .E593 1997eb  |h Library of Congress classification 
998 f f |a RC86.7 .E593 1997eb  |t 0  |l Available Online